Використання компютерних технологій у вивченні іноземних мов у вищих навчальних закладах (Запис № 284265)

МАРК-запис
000 -LEADER
fixed length control field 01559nam a22001577a 4500
041 ## - LANGUAGE CODE
Language code of text/sound track or separate title ukr
080 ## - UNIVERSAL DECIMAL CLASSIFICATION NUMBER
Universal Decimal Classification number 09
090 ## - LOCALLY ASSIGNED LC-TYPE CALL NUMBER (OCLC); LOCAL CALL NUMBER (OCLC)
Local cutter number (OCLC) ; Book number/undivided call number, CALL (RLIN) ПАШ
100 ## - MAIN ENTRY--PERSONAL NAME
Personal name Пашкевич К.В.
245 ## - TITLE STATEMENT
Title Використання компютерних технологій у вивченні іноземних мов у вищих навчальних закладах
260 ## - PUBLICATION, DISTRIBUTION, ETC. (IMPRINT)
Place of publication, distribution, etc Острог
Name of publisher, distributor, etc КАФ
Date of publication, distribution, etc 2010
300 ## - PHYSICAL DESCRIPTION
Extent 44
520 ## - SUMMARY, ETC.
Summary, etc ВСТУП<br/>РОЗДІЛ 1 ЗАСОБИ ІНФОРМАЦІЙНО-КОМУНІКАЦІЙНИХ ТЕХНОЛОГІЙ ЯК ВИЗНАЧЕННЯ НАВЧАЛЬНОГО СЕРЕДОВИЩА<br/>1.1 Використання засобів ІКТ у навчальному середовищі.<br/>1.2 Засоби навчання як складова навчального середовища.<br/>1.3 Застосування мультимедійних технологій при вивченні мов у країнах зарубіжжя.<br/>РОЗДІЛ 2 ОСНОВНІ НАПРЯМКИ ЗАСТОСУВАННЯ КОМПЮТЕРНИХ ТЕХНОЛОГІЙ У НАВЧАННІ<br/>2.1 Підготовчі етапи використання ІКТ.<br/>2.2 Застосування інформаційних технологій у навчально-виховному процесі.<br/>2.3 Проблеми інформатизації навчального процесу вивчення ІМ.<br/>ВИСНОВКИ
-- засоби інформаційно-комунікаційних технологій
650 ## - SUBJECT ADDED ENTRY--TOPICAL TERM
Topical term or geographic name as entry element Research Papers
942 ## - ADDED ENTRY ELEMENTS (KOHA)
Koha item type Книги
Фонди
Withdrawn status Lost status Source of classification or shelving scheme Damaged status Not for loan Home library Current library Date acquired Source of acquisition Cost, normal purchase price Total Checkouts Full call number Barcode Date last seen Price effective from Koha item type
    Universal Decimal Classification     ВІЛ - Відділ іноземн. літератури НБ ВІЛ - Відділ іноземн. літератури НБ 16/04/2009 Акт №1 1.00   09 213755 20/12/2021 16/04/2009 Книги